000
00290nam a22001097a 4500
040
_c
SK
082
_a
634
100
_a
CHAY CHETHA; ចាយ ជេដ្ឋា
245
_a
Forest management; ការគ្រប់គ្រងព្រៃឈើ
260
_a
RUA
_b
CHA
_c
2008
942
_c
KB
999
_c
9218
_d
9218